[Event "WTCC-65 2018"]
[Site "Radebeul"]
[Date "2018.07.12"]
[Round "6"]
[White "Woeber, Friedrich"]
[Black "Krauseneck, Peter"]
[Result "1-0"]
[WhiteElo "2114"]
[BlackElo "2147"]
[Annotator "NA"]
[PlyCount "91"]
[EventDate "2018.07.07"]
[EventType "team-tourn"]
[EventCountry "GER"]
[SourceTitle "playchess.com"]
[Source "ChessBase"]
[SourceQuality "1"]
[TimeControl "40/5400+30:1800+30"]

1. e4 {[%emt 0:00:00]} e6 {[%emt 0:00:43]} 2. d4 {[%emt 0:00:16]} b6 {[%emt 0:00:34]} 3. Nf3 {[%emt 0:01:45]} Bb7 {[%emt 0:00:06]} 4. Bd3 {[%emt 0:00:16]} Ne7 {[%emt 0:01:59]} 5. O-O {[%emt 0:01:09]} d6 {[%emt 0:03:32]} 6. Re1 {[%emt 0:05:26]} Nd7 {[%emt 0:00:09]} 7. c4 {[%emt 0:00:59]} e5 {[%emt 0:02:25]} 8. Nc3 {[%emt 0:01:07]} Ng6 {[%emt 0:02:19]} 9. d5 {[%emt 0:05:26]} Be7 {[%emt 0:01:51]} 10. b4 {[%emt 0:02:54]} a5 {[%emt 0:01:19]} 11. bxa5 {[%emt 0:02:18]} Rxa5 {[%emt 0:00:10]} 12. Be3 {[%emt 0:02:04]} O-O {[%emt 0:00:32]} 13. g3 {[%emt 0:07:22]} Bc8 {[%emt 0:05:50]} 14. h4 {[%emt 0:10:51]} Nf6 {[%emt 0:25:14]} 15. Nh2 {[%emt 0:07:51]} h5 {[%emt 0:11:34]} 16. Be2 {[%emt 0:05:25]} Qd7 {[%emt 0:01:38]} 17. Bxh5 {[%emt 0:02:23]} Nxh5 {[%emt 0:01:01]} 18. Qxh5 {[%emt 0:00:07]} Qh3 {[%emt 0:03:44]} 19. Nb5 {[%emt 0:11:26]} Bd8 {[%emt 0:04:16]} 20. a4 {[%emt 0:04:28]} Bd7 {[%emt 0:02:30]} 21. Bd2 {[%emt 0:04:07]} Ra8 {[%emt 0:00:08]} 22. Ra3 {[%emt 0:04:40]} Bxb5 {[%emt 0:04:34]} 23. cxb5 {[%emt 0:00:06]} Nxh4 {[%emt 0:00:39]} 24. gxh4 {[%emt 0:01:26]} Qxa3 {[%emt 0:00:03]} 25. Ng4 {[%emt 0:01:20]} Qh3 {[%emt 0:04:32]} 26. Bg5 {[%emt 0:01:15]} Rxa4 {[%emt 0:02:43]} 27. Bxd8 {[%emt 0:03:42]} Rxd8 {[%emt 0:00:18]} 28. Qg5 {[%emt 0:00:18]} Rda8 {[%emt 0:01:54]} 29. Nh6+ {[%emt 0:01:06]} Kf8 {[%emt 0:05:35]} 30. Nf5 {[%emt 0:00:48]} Qc3 {[%emt 0:08:42]} 31. Qxg7+ {[%emt 0:00:29]} Ke8 {[%emt 0:00:17]} 32. Qg8+ {[%emt 0:00:51]} Kd7 {[%emt 0:00:01]} 33. Qxf7+ {[%emt 0:00:02]} Kc8 {[%emt 0:00:42]} 34. Re3 {[%emt 0:03:33]} Qc1+ {[%emt 0:00:44]} 35. Kg2 {[%emt 0:00:18]} Ra1 {[%emt 0:00:21]} 36. Qe8+ {[%emt 0:00:32]} Kb7 {[%emt 0:00:02]} 37. Qc6+ {[%emt 0:00:09]} Ka7 {[%emt 0:01:27]} 38. Qxc1 {[%emt 0:01:00]} Rxc1 {[%emt 0:00:03]} 39. Ra3+ {[%emt 0:00:22]} Kb7 {[%emt 0:00:05]} 40. Rxa8 {[%emt 0:00:11]} Kxa8 {[%emt 0:00:17]} 41. h5 {[%emt 0:30:04]} Kb7 {[%emt 0:30:52]} 42. h6 {[%emt 0:03:25]} Ra1 {[%emt 0:00:02]} 43. Kg3 {[%emt 0:00:39]} Rh1 {[%emt 0:00:00]} 44. Kg4 {[%emt 0:00:00]} Kc8 {[%emt 0:00:00]} 45. Nh4 {[%emt 0:00:00]} Rg1+ {[%emt 0:00:00]} 46. Kh5 {[%emt 0:00:00]} 1-0

[Event "WTCC-65 2018"]
[Site "Radebeul"]
[Date "2018.07.12"]
[Round "6"]
[White "Seibold, Hubert"]
[Black "Gneiss, Karl"]
[Result "1/2-1/2"]
[WhiteElo "2113"]
[BlackElo "2090"]
[Annotator "NA"]
[PlyCount "72"]
[EventDate "2018.07.07"]
[EventType "team-tourn"]
[EventCountry "GER"]
[SourceTitle "playchess.com"]
[Source "ChessBase"]
[SourceQuality "1"]
[TimeControl "40/5400+30:1800+30"]

1. e4 {[%emt 0:00:00]} c5 {[%emt 0:00:00]} 2. Nf3 {[%emt 0:00:00]} g6 {[%emt 0:00:00]} 3. d4 {[%emt 0:00:25]} cxd4 {[%emt 0:00:00]} 4. Nxd4 {[%emt 0:00:21]} Bg7 {[%emt 0:00:00]} 5. c4 {[%emt 0:01:01]} Nc6 {[%emt 0:00:00]} 6. Be3 {[%emt 0:00:20]} Nf6 {[%emt 0:00:00]} 7. Nc3 {[%emt 0:00:16]} Ng4 {[%emt 0:00:00]} 8. Qxg4 {[%emt 0:00:14]} Nxd4 {[%emt 0:00:00]} 9. Qd1 {[%emt 0:00:13]} Ne6 {[%emt 0:00:09]} 10. Rc1 {[%emt 0:00:13]} d6 {[%emt 0:01:14]} 11. Be2 {[%emt 0:02:47]} O-O {[%emt 0:01:05]} 12. Qd2 {[%emt 0:00:59]} Nc5 {[%emt 0:01:58]} 13. f3 {[%emt 0:02:58]} a5 {[%emt 0:00:40]} 14. b3 {[%emt 0:01:48]} Be6 {[%emt 0:00:55]} 15. O-O {[%emt 0:04:33]} Qb6 {[%emt 0:02:07]} 16. Nb5 {[%emt 0:06:41]} Bd7 {[%emt 0:07:52]} 17. Nc3 {[%emt 0:01:38]} Be6 {[%emt 0:01:51]} 18. f4 {[%emt 0:18:58]} Qb4 {[%emt 0:04:29]} 19. Nd5 {[%emt 0:20:10]} Bxd5 {[%emt 0:14:10]} 20. exd5 {[%emt 0:00:55]} f5 {[%emt 0:08:55]} 21. Rc2 {[%emt 0:06:28]} Ne4 {[%emt 0:04:56]} 22. Qd3 {[%emt 0:10:23]} a4 {[%emt 0:02:14]} 23. Bf3 {[%emt 0:02:17]} axb3 {[%emt 0:06:01]} 24. Qxb3 {[%emt 0:04:34]} Qxb3 {[%emt 0:03:08]} 25. axb3 {[%emt 0:00:03]} Ra3 {[%emt 0:03:25]} 26. Bxe4 {[%emt 0:01:09]} Rxb3 {[%emt 0:02:04]} 27. Bxf5 {[%emt 0:07:35]} gxf5 {[%emt 0:01:52]} 28. Kf2 {[%emt 0:00:11]} Ra8 {[%emt 0:02:24]} 29. Rd1 {[%emt 0:01:25]} Raa3 {[%emt 0:05:07]} 30. Bd4 {[%emt 0:00:25]} Bxd4+ {[%emt 0:01:44]} 31. Rxd4 {[%emt 0:00:01]} Rc3 {[%emt 0:00:27]} 32. Rdd2 {[%emt 0:00:30]} Kf7 {[%emt 0:00:20]} 33. Re2 {[%emt 0:00:40]} Ke8 {[%emt 0:05:31]} 34. g3 {[%emt 0:02:19]} Kd7 {[%emt 0:00:07]} 35. Kg2 {[%emt 0:00:08]} Re3 36. Rxe3 Rxe3 1/2-1/2

[Event "WTCC-65 2018"]
[Site "Radebeul"]
[Date "2018.07.12"]
[Round "6"]
[White "Illi, Hans-Joerg"]
[Black "Kargoll, Herbert"]
[Result "0-1"]
[WhiteElo "2063"]
[BlackElo "2230"]
[Annotator "NA"]
[PlyCount "60"]
[EventDate "2018.07.07"]
[EventType "team-tourn"]
[EventCountry "GER"]
[SourceTitle "playchess.com"]
[Source "ChessBase"]
[SourceQuality "1"]
[TimeControl "40/5400+30:1800+30"]

1. d4 {[%emt 0:00:00]} Nf6 {[%emt 0:01:03]} 2. Nf3 {[%emt 0:00:08]} g6 {[%emt 0:04:59]} 3. Bg5 {[%emt 0:02:42]} Bg7 {[%emt 0:00:07]} 4. c3 {[%emt 0:01:34]} d6 {[%emt 0:00:20]} 5. Nbd2 {[%emt 0:01:00]} Nbd7 {[%emt 0:01:40]} 6. e3 {[%emt 0:01:57]} h6 {[%emt 0:02:49]} 7. Bh4 {[%emt 0:00:19]} O-O {[%emt 0:05:35]} 8. Bc4 {[%emt 0:01:59]} Qe8 {[%emt 0:03:08]} 9. O-O {[%emt 0:03:47]} e5 {[%emt 0:01:11]} 10. dxe5 {[%emt 0:00:53]} dxe5 {[%emt 0:01:04]} 11. e4 {[%emt 0:00:38]} Nc5 {[%emt 0:07:55]} 12. Re1 {[%emt 0:01:18]} Nh5 {[%emt 0:01:53]} 13. Qc2 {[%emt 0:03:23]} Nf4 {[%emt 0:15:05]} 14. Rad1 {[%emt 0:09:18]} Bd7 {[%emt 0:03:13]} 15. Nf1 {[%emt 0:05:26]} Bg4 {[%emt 0:05:29]} 16. Re3 {[%emt 0:07:29]} b5 {[%emt 0:04:09]} 17. Bd5 {[%emt 0:02:15]} c6 {[%emt 0:00:39]} 18. Bb3 {[%emt 0:00:20]} g5 {[%emt 0:10:45]} 19. Bg3 {[%emt 0:01:28]} Qe7 {[%emt 0:00:38]} 20. N1d2 {[%emt 0:07:48]} Rad8 {[%emt 0:01:57]} 21. Qb1 {[%emt 0:02:14]} Rd6 {[%emt 0:02:56]} 22. Bc2 {[%emt 0:01:54]} Rfd8 {[%emt 0:00:20]} 23. b4 {[%emt 0:03:25]} Na4 {[%emt 0:01:25]} 24. Bxa4 {[%emt 0:15:10]} bxa4 {[%emt 0:00:09]} 25. Qc2 {[%emt 0:04:17]} Qd7 {[%emt 0:01:01]} 26. Bxf4 {[%emt 0:00:26]} gxf4 {[%emt 0:01:01]} 27. Re2 {[%emt 0:00:34]} Bxf3 {[%emt 0:00:13]} 28. gxf3 {[%emt 0:00:05]} Qh3 {[%emt 0:01:27]} 29. Kh1 {[%emt 0:00:43]} Rg6 {[%emt 0:00:10]} 30. Rg1 {[%emt 0:00:08]} Rxd2 {[%emt 0:00:10]} 0-1

[Event "WTCC-65 2018"]
[Site "Radebeul"]
[Date "2018.07.13"]
[Round "7"]
[White "Vaisser, Anatoly"]
[Black "Harestad, Thor Geir"]
[Result "1-0"]
[WhiteElo "2502"]
[BlackElo "2205"]
[Annotator "ChessBase"]
[PlyCount "83"]
[EventDate "2018.07.07"]
[EventType "team-tourn"]
[EventCountry "GER"]
[SourceTitle "playchess.com"]
[Source "ChessBase"]
[SourceQuality "1"]
[TimeControl "40/5400+30:1800+30"]

1. d4 {[%emt 0:00:00]} Nf6 {[%emt 0:00:00]} 2. c4 {[%emt 0:00:00]} c5 {[%emt 0:00:04]} 3. d5 {[%emt 0:00:02]} b5 {[%emt 0:00:09]} 4. cxb5 {[%emt 0:01:18]} a6 {[%emt 0:00:41]} 5. bxa6 {[%emt 0:00:25]} d6 {[%emt 0:00:28]} 6. Nc3 {[%emt 0:00:31]} Bxa6 {[%emt 0:00:11]} 7. Nf3 {[%emt 0:03:32]} g6 {[%emt 0:00:38]} 8. e4 {[%emt 0:01:02]} Bxf1 {[%emt 0:00:19]} 9. Kxf1 {[%emt 0:00:07]} Bg7 {[%emt 0:00:33]} 10. g3 {[%emt 0:00:08]} O-O {[%emt 0:00:09]} 11. Kg2 {[%emt 0:00:05]} Qb6 {[%emt 0:02:43]} 12. Re1 {[%emt 0:13:03]} Nfd7 {[%emt 0:01:26]} 13. Qe2 {[%emt 0:04:20]} Na6 {[%emt 0:03:46]} 14. Nd2 {[%emt 0:02:34]} Qb7 {[%emt 0:03:30]} 15. Nc4 {[%emt 0:05:18]} Nc7 {[%emt 0:02:38]} 16. a4 {[%emt 0:08:24]} Nb6 {[%emt 0:07:53]} 17. Ne3 {[%emt 0:05:55]} Qa6 {[%emt 0:04:44]} 18. Qc2 {[%emt 0:03:51]} Nc4 {[%emt 0:01:59]} 19. b3 {[%emt 0:03:40]} Nxe3+ {[%emt 0:02:32]} 20. Bxe3 {[%emt 0:00:37]} Rab8 {[%emt 0:01:04]} 21. Rab1 {[%emt 0:01:02]} Qa5 {[%emt 0:04:32]} 22. Bd2 {[%emt 0:01:18]} Qa8 {[%emt 0:00:32]} 23. Qd3 {[%emt 0:06:03]} Rbd8 {[%emt 0:05:15]} 24. Nd1 {[%emt 0:02:21]} f5 {[%emt 0:04:40]} 25. f3 {[%emt 0:01:23]} fxe4 {[%emt 0:02:22]} 26. fxe4 {[%emt 0:00:58]} Ne8 {[%emt 0:04:31]} 27. Ne3 {[%emt 0:04:20]} Nf6 {[%emt 0:01:25]} 28. Bc3 {[%emt 0:00:53]} Bh6 {[%emt 0:05:09]} 29. Nc4 {[%emt 0:02:22]} Qb7 {[%emt 0:01:40]} 30. Na5 {[%emt 0:04:09]} Qd7 {[%emt 0:03:58]} 31. Nc6 {[%emt 0:01:02]} Rde8 {[%emt 0:04:18]} 32. Bxf6 {[%emt 0:02:25]} exf6 {[%emt 0:01:38]} 33. a5 {[%emt 0:00:28]} Rf7 {[%emt 0:02:15]} 34. a6 {[%emt 0:00:35]} Ref8 {[%emt 0:01:04]} 35. b4 {[%emt 0:00:59]} Ra8 {[%emt 0:11:12]} 36. bxc5 dxc5 {[%emt 0:00:22]} 37. Rb7 {[%emt 0:03:59]} Qd6 {[%emt 0:00:55]} 38. Reb1 {[%emt 0:00:57]} Bf8 {[%emt 0:00:52]} 39. Rxf7 {[%emt 0:02:35]} Kxf7 {[%emt 0:00:57]} 40. Rb7+ {[%emt 0:00:05]} Kg8 {[%emt 0:00:36]} 41. a7 {[%emt 0:31:24]} c4 {[%emt 0:30:49]} 42. Qxc4 {[%emt 0:00:11]} 1-0

[Event "WTCC-65 2018"]
[Site "Radebeul"]
[Date "2018.07.13"]
[Round "7"]
[White "Balashov, Yuri S"]
[Black "Ackermann, Hans Werner"]
[Result "1-0"]
[WhiteElo "2423"]
[BlackElo "2267"]
[Annotator "TA"]
[PlyCount "81"]
[EventDate "2018.07.07"]
[EventType "team-tourn"]
[EventCountry "GER"]
[SourceTitle "playchess.com"]
[Source "ChessBase"]
[SourceQuality "1"]

{[%evp 13,81,32,43,39,38,41,53,18,47,29,54,46,54,36,71,-60,67,58,57,52,66,64,56,74,319,184,179,152,213,203,225,151,140,123,163,153,265,248,310,305,315,277,269,262,332,265,257,271,262,259,274,264,250,223,218,154,666,663,1237,1223,1610,1631,1562,1502,29971,6519,29984,29985,29992,29993]} 1. d4 d6 2. e4 g6 3. Nf3 Bg7 4. Bc4 a6 5. a4 (5. Bb3 Nc6 6. c3 e5 7. dxe5 Nxe5 8. Nxe5 Bxe5 9. O-O Ne7 10. Bh6 Ng8 11. Bc1 Ne7 {½-½ (11) Bosiocic,M (2623)-Savchenko,B (2602) Khomeyn 2017}) 5... b6 6. Qe2 {B06: Modern Defence} e6 7. O-O Ne7 {LiveBook: 8 Games} 8. Re1 {White is slightly better.} O-O 9. c3 Bb7 10. Bg5 Nd7 11. Nbd2 Re8 $146 ({Predecessor:} 11... h6 12. Bh4 g5 13. Bg3 {1-0 (36) Tsekouras,T (2215)-Koronas,V (1764) Achaea 2017}) 12. Qe3 c5 13. Bb3 Qc7 14. Bh6 (14. Qf4 $16) 14... Nc6 ({Black should play} 14... Bxe4 $1 $15 15. Nxe4 Nf5) 15. Bxg7 Kxg7 16. Qf4 Na5 17. Ba2 {[%cal Bb3a2,Ba2b1,Bb1c2][%mdl 32]} c4 18. e5 d5 $2 (18... dxe5 $16 19. dxe5 (19. Nxe5 f6 $17) 19... Bd5) 19. h4 (19. Ng5 $142 Nf8 20. Re3) 19... Qd8 $18 20. Bb1 b5 (20... f5 $16) 21. axb5 $40 {[%mdl 128] Ng5 is the strong threat. White attacks with force.} axb5 22. Bc2 ({Resist} 22. Ng5 $6 Qe7 $14) 22... Qe7 23. Nf1 Nc6 24. h5 $1 h6 (24... Rxa1 $16 {is a better defense.} 25. Rxa1 b4) 25. hxg6 fxg6 26. Qg4 Qf7 27. Rxa8 Rxa8 28. Nh4 Ne7 29. Ng3 {[%cal Bf1g3,Bg3h5,Bh5f6][%mdl 32]} Nf8 {[#]} 30. Nh5+ $1 Kh8 31. Nf6 Bc6 {[#]} 32. Re3 $1 {[%cal Re3h3]} Be8 33. Rh3 Qg7 34. Nf3 {[%cal Bh4f3,Bf3g5,Bg5e6][%mdl 32]} Nf5 $2 (34... Ng8 $16) 35. Qf4 Nh7 36. Nxh7 Kxh7 37. Ng5+ Kg8 38. Nxe6 Qf7 39. Bxf5 Qxf5 40. Qxh6 {[%csl Gh3][%cal Rh6h7]} Ra1+ 41. Kh2 {Precision: White = 75%, Black = 33%.} 1-0

[Event "WTCC-65 2018"]
[Site "Radebeul"]
[Date "2018.07.13"]
[Round "7"]
[White "Boidman, Yuri"]
[Black "Clara, Hans-Joachim"]
[Result "1-0"]
[WhiteElo "2358"]
[BlackElo "2289"]
[Annotator "NA"]
[PlyCount "23"]
[EventDate "2018.07.07"]
[EventType "team-tourn"]
[EventCountry "GER"]
[SourceTitle "playchess.com"]
[Source "ChessBase"]
[SourceQuality "1"]
[TimeControl "40/5400+30:1800+30"]

1. e4 {[%emt 0:00:00]} c5 {[%emt 0:00:00]} 2. Nf3 {[%emt 0:00:00]} d6 {[%emt 0:00:00]} 3. d4 {[%emt 0:00:02]} cxd4 {[%emt 0:00:00]} 4. Qxd4 {[%emt 0:00:12]} a6 {[%emt 0:00:57]} 5. Be3 {[%emt 0:00:09]} Nf6 {[%emt 0:01:44]} 6. Nc3 {[%emt 0:01:00]} Nc6 {[%emt 0:01:24]} 7. Qd2 {[%emt 0:00:57]} e6 {[%emt 0:04:27]} 8. O-O-O {[%emt 0:00:39]} b5 {[%emt 0:02:54]} 9. e5 {[%emt 0:01:49]} dxe5 {[%emt 0:00:50]} 10. Qxd8+ {[%emt 0:00:16]} Nxd8 {[%emt 0:00:02]} 11. Nxb5 {[%emt 0:00:39]} axb5 {[%emt 0:00:57]} 12. Bxb5+ 1-0

[Event "WTCC-65 2018"]
[Site "Radebeul"]
[Date "2018.07.13"]
[Round "7"]
[White "Schmidt, Bodo"]
[Black "Romcovici, Victor"]
[Result "1-0"]
[WhiteElo "2344"]
[BlackElo "2114"]
[Annotator "NA"]
[PlyCount "81"]
[EventDate "2018.07.07"]
[EventType "team-tourn"]
[EventCountry "GER"]
[SourceTitle "playchess.com"]
[Source "ChessBase"]
[SourceQuality "1"]
[TimeControl "40/5400+30:1800+30"]

1. d4 {[%emt 0:00:00]} d6 {[%emt 0:00:00]} 2. Nf3 {[%emt 0:00:40]} f5 {[%emt 0:00:00]} 3. g3 {[%emt 0:00:58]} Nf6 {[%emt 0:00:00]} 4. Bg2 {[%emt 0:00:07]} e6 {[%emt 0:01:50]} 5. O-O {[%emt 0:02:54]} Be7 {[%emt 0:00:06]} 6. c4 {[%emt 0:01:23]} O-O {[%emt 0:00:06]} 7. Nc3 {[%emt 0:00:06]} Qe8 {[%emt 0:02:54]} 8. Re1 {[%emt 0:01:40]} Qh5 {[%emt 0:00:06]} 9. Qc2 {[%emt 0:06:16]} Nc6 {[%emt 0:02:04]} 10. d5 {[%emt 0:04:40]} Nb4 {[%emt 0:03:35]} 11. Qb3 {[%emt 0:08:17]} Na6 {[%emt 0:00:56]} 12. dxe6 {[%emt 0:06:50]} Nc5 {[%emt 0:00:09]} 13. Qc2 {[%emt 0:00:08]} Nxe6 {[%emt 0:05:31]} 14. Nd5 {[%emt 0:01:16]} Bd8 {[%emt 0:01:12]} 15. Rd1 {[%emt 0:02:18]} Ng4 {[%emt 0:11:54]} 16. h3 {[%emt 0:02:08]} Ne5 {[%emt 0:00:51]} 17. Nd4 {[%emt 0:00:56]} Nxd4 {[%emt 0:11:05]} 18. Rxd4 {[%emt 0:00:03]} g5 {[%emt 0:01:22]} 19. f4 {[%emt 0:10:40]} c6 {[%emt 0:10:57]} 20. fxe5 {[%emt 0:00:34]} dxe5 {[%emt 0:00:08]} 21. Rd1 {[%emt 0:02:21]} cxd5 {[%emt 0:00:06]} 22. Rxd5 {[%emt 0:00:49]} e4 {[%emt 0:09:04]} 23. Be3 {[%emt 0:04:56]} Be6 {[%emt 0:00:33]} 24. Re5 {[%emt 0:11:40]} Qg6 {[%emt 0:12:34]} 25. g4 {[%emt 0:03:44]} Bc7 {[%emt 0:01:25]} 26. gxf5 {[%emt 0:00:46]} Bxf5 {[%emt 0:00:10]} 27. Rd5 {[%emt 0:02:01]} h6 {[%emt 0:02:16]} 28. Rf1 {[%emt 0:02:34]} Qe6 {[%emt 0:08:44]} 29. Rfxf5 {[%emt 0:03:44]} Rxf5 {[%emt 0:00:11]} 30. Bxe4 {[%emt 0:00:01]} Rf7 {[%emt 0:05:00]} 31. Bd4 {[%emt 0:04:17]} Bb6 {[%emt 0:04:29]} 32. c5 {[%emt 0:02:20]} Bc7 {[%emt 0:01:07]} 33. Rf5 {[%emt 0:05:16]} Rd8 {[%emt 0:02:40]} 34. Rxf7 {[%emt 0:03:15]} Kxf7 {[%emt 0:00:20]} 35. Bf5 {[%emt 0:00:59]} Qxa2 {[%emt 0:01:50]} 36. e3 {[%emt 0:01:19]} Qd5 {[%emt 0:00:30]} 37. Bg4 {[%emt 0:01:20]} Ke7 {[%emt 0:01:35]} 38. Qh7+ {[%emt 0:01:39]} Qf7 {[%emt 0:00:02]} 39. Qxh6 {[%emt 0:00:09]} Bf4 {[%emt 0:00:53]} 40. Bh5 {[%emt 0:01:46]} g4 {[%emt 0:01:02]} 41. exf4 {[%emt 0:31:36]} 1-0

[Event "WTCC-65 2018"]
[Site "Radebeul"]
[Date "2018.07.13"]
[Round "7"]
[White "Renman, Nils-Gustaf"]
[Black "Espig, Lutz"]
[Result "1-0"]
[WhiteElo "2343"]
[BlackElo "2258"]
[Annotator "NA"]
[PlyCount "67"]
[EventDate "2018.07.07"]
[EventType "team-tourn"]
[EventCountry "GER"]
[SourceTitle "playchess.com"]
[Source "ChessBase"]
[SourceQuality "1"]
[TimeControl "40/5400+30:1800+30"]

1. d4 {[%emt 0:00:00]} Nf6 {[%emt 0:00:00]} 2. c4 {[%emt 0:00:00]} d6 {[%emt 0:00:00]} 3. Nf3 {[%emt 0:00:00]} g6 {[%emt 0:00:15]} 4. Nc3 {[%emt 0:00:04]} Nbd7 {[%emt 0:00:29]} 5. e4 {[%emt 0:00:49]} e5 {[%emt 0:00:12]} 6. Be2 {[%emt 0:01:57]} Bg7 {[%emt 0:00:10]} 7. O-O {[%emt 0:00:22]} O-O {[%emt 0:00:08]} 8. Qc2 {[%emt 0:03:29]} c6 {[%emt 0:00:54]} 9. Rd1 {[%emt 0:01:24]} Qc7 {[%emt 0:00:46]} 10. Be3 {[%emt 0:01:13]} Ng4 {[%emt 0:03:30]} 11. Bg5 {[%emt 0:01:34]} f6 {[%emt 0:01:39]} 12. Bh4 {[%emt 0:04:55]} Nh6 {[%emt 0:01:17]} 13. b4 {[%emt 0:04:22]} f5 {[%emt 0:13:25]} 14. Be7 {[%emt 0:08:36]} Re8 {[%emt 0:01:52]} 15. dxe5 {[%emt 0:00:31]} dxe5 {[%emt 0:00:44]} 16. Bd6 {[%emt 0:00:17]} Qd8 {[%emt 0:01:21]} 17. c5 {[%emt 0:00:48]} Qf6 {[%emt 0:02:28]} 18. Bc4+ {[%emt 0:12:37]} Kh8 {[%emt 0:00:02]} 19. Qb3 {[%emt 0:06:12]} Bf8 {[%emt 0:13:06]} 20. h4 {[%emt 0:05:59]} a5 {[%emt 0:03:32]} 21. Ng5 {[%emt 0:04:01]} axb4 {[%emt 0:01:35]} 22. Qxb4 {[%emt 0:01:06]} Nb8 {[%emt 0:08:23]} 23. f3 {[%emt 0:03:28]} Be7 {[%emt 0:08:10]} 24. Na4 {[%emt 0:04:57]} Na6 {[%emt 0:05:20]} 25. Qc3 {[%emt 0:00:29]} Bxd6 {[%emt 0:04:43]} 26. Rxd6 {[%emt 0:03:31]} Qg7 {[%emt 0:09:44]} 27. Rad1 {[%emt 0:03:19]} fxe4 {[%emt 0:00:42]} 28. Nb6 {[%emt 0:04:31]} Rb8 {[%emt 0:04:51]} 29. Nxc8 {[%emt 0:01:29]} Rbxc8 {[%emt 0:00:45]} 30. Be6 {[%emt 0:01:37]} Rc7 {[%emt 0:04:16]} 31. Rd8 {[%emt 0:02:19]} Qf8 {[%emt 0:04:08]} 32. Qxe5+ {[%emt 0:01:19]} Rg7 {[%emt 0:00:01]} 33. Rxe8 {[%emt 0:01:02]} Qxe8 {[%emt 0:00:09]} 34. Qf6 1-0

[Event "WTCC-65 2018"]
[Site "Radebeul"]
[Date "2018.07.13"]
[Round "7"]
[White "Karasev, Vladimir I"]
[Black "Woeber, Friedrich"]
[Result "1/2-1/2"]
[WhiteElo "2337"]
[BlackElo "2114"]
[Annotator "NA"]
[PlyCount "53"]
[EventDate "2018.07.07"]
[EventType "team-tourn"]
[EventCountry "GER"]
[SourceTitle "playchess.com"]
[Source "ChessBase"]
[SourceQuality "1"]
[TimeControl "40/5400+30:1800+30"]

1. b3 {[%emt 0:00:00]} e5 {[%emt 0:00:10]} 2. Bb2 {[%emt 0:00:00]} Nc6 {[%emt 0:00:39]} 3. e3 {[%emt 0:00:00]} d6 {[%emt 0:02:11]} 4. g3 {[%emt 0:01:54]} Nf6 {[%emt 0:01:48]} 5. Bg2 {[%emt 0:00:07]} Be7 {[%emt 0:00:57]} 6. h3 {[%emt 0:00:36]} Be6 {[%emt 0:04:39]} 7. Nf3 {[%emt 0:07:48]} h6 {[%emt 0:03:27]} 8. d3 {[%emt 0:08:12]} O-O {[%emt 0:04:41]} 9. Nbd2 {[%emt 0:00:41]} Nh7 {[%emt 0:02:57]} 10. d4 {[%emt 0:09:10]} exd4 {[%emt 0:01:35]} 11. Nxd4 {[%emt 0:00:27]} Nxd4 {[%emt 0:00:57]} 12. Bxd4 {[%emt 0:00:03]} d5 {[%emt 0:03:04]} 13. O-O {[%emt 0:01:13]} c5 {[%emt 0:04:08]} 14. Bb2 {[%emt 0:01:10]} Bf6 {[%emt 0:05:22]} 15. c3 {[%emt 0:02:43]} Qd7 {[%emt 0:14:18]} 16. Kh2 {[%emt 0:04:26]} a5 {[%emt 0:02:08]} 17. e4 {[%emt 0:06:45]} Rfd8 {[%emt 0:04:27]} 18. f4 {[%emt 0:04:46]} dxe4 {[%emt 0:09:31]} 19. Nxe4 {[%emt 0:00:07]} Bd5 {[%emt 0:00:30]} 20. Qc2 {[%emt 0:17:07]} c4 {[%emt 0:07:12]} 21. Rad1 {[%emt 0:10:03]} Qb5 {[%emt 0:02:06]} 22. bxc4 {[%emt 0:06:20]} Qxc4 {[%emt 0:01:08]} 23. Rf2 {[%emt 0:05:07]} Bxe4 {[%emt 0:08:49]} 24. Bxe4 {[%emt 0:00:50]} Rxd1 {[%emt 0:00:13]} 25. Bxh7+ {[%emt 0:00:22]} Kh8 {[%emt 0:00:06]} 26. Qxd1 {[%emt 0:02:08]} Kxh7 {[%emt 0:00:10]} 27. Qc2+ {[%emt 0:02:51]} 1/2-1/2

[Event "WTCC-65 2018"]
[Site "Radebeul"]
[Date "2018.07.13"]
[Round "7"]
[White "Bellin, Robert"]
[Black "Vogt, Lothar"]
[Result "1/2-1/2"]
[WhiteElo "2333"]
[BlackElo "2376"]
[Annotator "NA"]
[PlyCount "23"]
[EventDate "2018.07.07"]
[EventType "team-tourn"]
[EventCountry "GER"]
[SourceTitle "playchess.com"]
[Source "ChessBase"]
[SourceQuality "1"]
[TimeControl "40/5400+30:1800+30"]

1. d4 {[%emt 0:02:08]} Nf6 {[%emt 0:00:00]} 2. Nf3 {[%emt 0:01:12]} g6 {[%emt 0:00:00]} 3. Bg5 {[%emt 0:01:12]} Bg7 {[%emt 0:00:00]} 4. Nbd2 {[%emt 0:00:07]} O-O {[%emt 0:04:16]} 5. c3 {[%emt 0:00:33]} d5 {[%emt 0:03:14]} 6. e3 {[%emt 0:00:25]} b6 {[%emt 0:00:44]} 7. Bd3 {[%emt 0:01:20]} Bb7 {[%emt 0:00:42]} 8. Qb1 {[%emt 0:02:47]} Nbd7 {[%emt 0:07:32]} 9. h3 {[%emt 0:02:18]} c5 {[%emt 0:02:29]} 10. O-O {[%emt 0:00:32]} Re8 {[%emt 0:04:21]} 11. Rd1 {[%emt 0:05:39]} Qc8 {[%emt 0:05:08]} 12. Bf4 {[%emt 0:07:20]} 1/2-1/2